| Tag |
First Indicator |
Second Indicator |
Subfields |
| LEADER |
00000pam a22000004a 4500 |
| 001 |
in00002000255 |
| 005 |
20151031123647.0 |
| 008 |
030812s2004 enka f 000 0 eng |
| 010 |
|
|
|a 2003061224
|
| 020 |
|
|
|a 1852337370 (acid-free paper)
|
| 035 |
|
|
|a (OCoLC)ocm52858193
|
| 040 |
|
|
|a DLC
|c DLC
|d TXA
|d UtOrBLW
|
| 042 |
|
|
|a pcc
|
| 049 |
|
|
|a TXAM
|
| 050 |
0 |
0 |
|a QB63
|b .A227 2004
|
| 082 |
0 |
0 |
|a 523.8/022/3
|2 22
|
| 100 |
1 |
|
|a Almeida, Guilherme de,
|d 1950-
|
| 245 |
1 |
0 |
|a Navigating the night sky :
|b how to identify the stars and constellations /
|c Guilherme de Almeida.
|
| 264 |
|
1 |
|a London ;
|a New York :
|b Springer,
|c [2004]
|
| 264 |
|
4 |
|c ©2004
|
| 300 |
|
|
|a xii, 205 pages :
|b illustrations ;
|c 24 cm.
|
| 336 |
|
|
|a text
|b txt
|2 rdacontent
|
| 337 |
|
|
|a unmediated
|b n
|2 rdamedia
|
| 338 |
|
|
|a volume
|b nc
|2 rdacarrier
|
| 490 |
1 |
|
|a Patrick Moore's practical astronomy series,
|x 1617-7185
|
| 650 |
|
0 |
|a Stars
|v Observers' manuals.
|
| 650 |
|
0 |
|a Constellations
|v Observers' manuals.
|
| 830 |
|
0 |
|a Patrick Moore's practical astronomy series.
|
| 948 |
|
|
|a cataloged
|b h
|c 2004/10/18
|d c
|e dmitchel
|f 9:50:30 am
|
| 994 |
|
|
|a E0
|b TXA
|
| 999 |
|
|
|a MARS
|
| 999 |
f |
f |
|s 26e365c3-e826-3707-94d2-e1013eda9924
|i ee8fad30-9d3a-3a44-81a5-6d470e4509f4
|t 0
|
| 952 |
f |
f |
|p normal
|a Texas A&M University
|b College Station
|c Sterling C. Evans Library
|d Evans: Library Stacks
|t 0
|e QB63 .A227 2004
|h Library of Congress classification
|i unmediated -- volume
|m A14831345024
|
| 998 |
f |
f |
|a QB63 .A227 2004
|t 0
|l Evans: Library Stacks
|